Generation VIII Pokémon - Statistics

General Stats
  • This quiz has been taken 91 times
  • The average score is 77 of 96
Answer Stats
# Answer % Correct
810 Grookey
97%
811 Thwackey
97%
823 Corviknight
95%
818 Inteleon
95%
814 Raboot
95%
812 Rillaboom
95%
816 Sobble
95%
815 Cinderace
92%
822 Corvisquire
92%
817 Drizzile
92%
884 Duraludon
92%
813 Scorbunny
92%
888 Zacian
92%
889 Zamazenta
92%
891 Kubfu
90%
821 Rookidee
90%
887 Dragapult
87%
886 Drakloak
87%
885 Dreepy
87%
890 Eternatus
87%
820 Greedent
87%
892 Urshifu
87%
824 Blipbug
85%
851 Centiskorch
85%
875 Eiscue
85%
905 Enamorus
85%
826 Orbeetle
85%
850 Sizzlipede
85%
819 Skwovet
85%
872 Snom
85%
831 Wooloo
85%
893 Zarude
85%
902 Basculegion
82%
898 Calyrex
82%
832 Dubwool
82%
830 Eldegoss
82%
829 Gossifleur
82%
856 Hatenna
82%
858 Hatterene
82%
857 Hattrem
82%
859 Impidimp
82%
895 Regidrago
82%
894 Regieleki
82%
897 Spectrier
82%
848 Toxel
82%
901 Ursaluna
82%
846 Arrokuda
79%
825 Dottler
79%
873 Frosmoth
79%
896 Glastrier
79%
861 Grimmsnarl
79%
860 Morgrem
79%
866 Mr. Rime
79%
904 Overqwil
79%
867 Runerigus
79%
865 Sirfetch'd
79%
849 Toxtricity
79%
835 Yamper
79%
869 Alcremie
77%
847 Barraskewda
77%
836 Boltund
77%
834 Drednaw
77%
900 Kleavor
77%
868 Milcery
77%
877 Morpeko
77%
862 Obstagoon
77%
863 Perrserker
77%
837 Rolycoly
77%
842 Appletun
74%
840 Applin
74%
883 Arctovish
74%
881 Arctozolt
74%
833 Chewtle
74%
839 Coalossal
74%
845 Cramorant
74%
882 Dracovish
74%
880 Dracozolt
74%
841 Flapple
74%
852 Clobbopus
72%
864 Cursola
72%
853 Grapploct
72%
827 Nickit
72%
855 Polteageist
72%
844 Sandaconda
72%
854 Sinistea
72%
828 Thievul
72%
899 Wyrdeer
72%
838 Carkol
69%
870 Falinks
69%
876 Indeedee
69%
843 Silicobra
69%
903 Sneasler
69%
874 Stonjourner
69%
871 Pincurchin
67%
879 Copperajah
62%
878 Cufant
62%
No matching quizzes found
Score Distribution
Percent of People with Each Score
Percentile by Number Answered
Your Score History
You have not taken this quiz